000 01133nas a2200349 4500
001 BR0205202
003 BR-BrBNA
005 20231205103323.0
007 ta
008 230509b bl.|||p| |||| 00| 00por d
040 _aBR-BrBNA
_bpor
_cBiblioteca Nacional de Agricultura
041 _a(Pt)
072 _aL51
100 1 _aSilva, F.F. da
100 1 _aValadares Filho, S. de C.
100 1 _aÍtavo, L.C.V.
100 1 _aVeloso, C.M.
100 1 _aValadares, R.F.D.
100 1 _aCecon, P.R.
100 1 _aPaulino, P.v.R.
100 1 _aMoraes, E.B.K. de
245 1 _aComposição corporal e requisitos energéticos e protéicos de bovinos Nelore, não-castrados, alimentados com rações contendo diferentes níveis de concentrado e proteína
650 _aGADO NELORE
650 _aRAÇÃO
650 _aCONCENTRADO PROTÉICO
650 _aDIETA
650 _aEXIGÊNCIA NUTRICIONAL
650 _aPESO
773 0 _tRevista Brasileira de Zootecnia (Brazil)
_xISSN 1516-3598
_g(Jan-Feb 2002), v. 31(1)Suplemento p. 503-513
_wBR0205202
909 _a202311
_bLúcia
_c55
_dLúcia Elande
942 _2AGRIS
_n0
_cANA
999 _c172257
_d172257